[Event "Titled Tue 17th Jun Early"]
[Site "chess.com INT"]
[Date "2025.06.17"]
[Round "3"]
[White "Smieszek, Wojciech"]
[Black "Aarit Kapil"]
[Result "1-0"]
[WhiteTitle "CM"]
[BlackTitle "CM"]
[WhiteElo "2141"]
[BlackElo "2078"]
[WhiteFideId "1156047"]
[BlackFideId "33408947"]
[EventDate "2025.06.17"]

1. e4 c5 2. Nf3 d6 3. d4 cxd4 4. Nxd4 Nf6 5. Nc3 g6 6. Be3 Bg7 7. f3 O-O 8. Qd2
Nc6 9. Bc4 a6 10. h4 Ne5 11. Bb3 h5 12. O-O-O b5 13. Nd5 Bb7 14. g4 Bxd5 15.
Bxd5 Nxd5 16. exd5 Nc4 17. Qe2 Qa5 18. Kb1 hxg4 19. h5 gxf3 20. Qxf3 Qb4 21. Nb3
Nxb2 22. Rd4 Bxd4 23. Bxd4 Nc4 24. Qh3 Nd2+ 25. Kb2 Nxb3 26. Bc3 Qe4 27. hxg6
fxg6 28. Qh7# 1-0

[Event "Titled Tue 17th Jun Early"]
[Site "chess.com INT"]
[Date "2025.06.17"]
[Round "3"]
[White "Vlassov, Nikolai"]
[Black "Svane, Rasmus"]
[Result "0-1"]
[WhiteTitle "IM"]
[BlackTitle "GM"]
[WhiteElo "2291"]
[BlackElo "2626"]
[WhiteFideId "4103360"]
[BlackFideId "4657101"]
[EventDate "2025.06.17"]

1. e4 c6 2. d4 d5 3. f3 e6 4. Nc3 Nd7 5. Bf4 Bb4 6. Qd2 dxe4 7. fxe4 Ngf6 8. Bd3
c5 9. a3 Ba5 10. b4 cxb4 11. Nb5 bxa3 12. Nd6+ Kf8 13. c3 Nh5 14. Ne2 Bc7 15.
O-O Nxf4 16. Qxf4 Nf6 17. e5 Bxd6 18. exd6 b6 19. c4 Bb7 20. c5 Rc8 21. Ng3 bxc5
22. Nh5 cxd4 23. Nxg7 Kxg7 24. Qg5+ Kf8 25. Rxf6 Qxd6 26. Raf1 Rc7 27. Qh5 Ke8
28. Rxf7 Kd8 29. Qg5+ Kc8 30. Qg7 Rd8 31. Qxh7 Kb8 0-1

[Event "Titled Tue 17th Jun Early"]
[Site "chess.com INT"]
[Date "2025.06.17"]
[Round "3"]
[White "Mitrabha, Guha"]
[Black "Kovalchuk, Alexey"]
[Result "1-0"]
[WhiteTitle "GM"]
[BlackTitle "FM"]
[WhiteElo "2515"]
[BlackElo "2304"]
[WhiteFideId "5057000"]
[BlackFideId "24154385"]
[EventDate "2025.06.17"]

1. Nf3 d5 2. c4 d4 3. b4 f6 4. d3 e5 5. b5 Bb4+ 6. Bd2 Bc5 7. a4 Ne7 8. g3 O-O
9. Bg2 Kh8 10. O-O a5 11. Bc1 Nd7 12. Nbd2 Bb4 13. Nb3 Nc5 14. Bd2 Nxb3 15. Qxb3
Bxd2 16. Nxd2 Rb8 17. c5 Bg4 18. Rfe1 Qd7 19. Nc4 b6 20. cxb6 cxb6 21. Qa3 Be6
22. Rac1 Rfd8 23. Rc2 Bd5 24. Be4 Bxe4 25. dxe4 Qe6 26. Rec1 h5 27. Nd2 Rbc8 28.
Rc7 Ng8 29. R1c6 Qh3 30. Nf3 Nh6 31. Qe7 Rg8 32. Rxb6 Rxc7 33. Qxc7 Rc8 34. Rb8
Rxb8 35. Qxb8+ Kh7 36. Qc7 Qg4 37. Qc2 Qe6 38. Qb2 Qc4 39. b6 d3 40. b7 Qc2 41.
b8=Q Qd1+ 42. Kg2 dxe2 43. Qb1 Ng4 44. Q8b2 1-0

[Event "Titled Tue 17th Jun Early"]
[Site "chess.com INT"]
[Date "2025.06.17"]
[Round "3"]
[White "Herpai, Jozsef Matyas"]
[Black "Thipsay, Bagyashree Sathe"]
[Result "1-0"]
[WhiteTitle "CM"]
[BlackTitle "WIM"]
[WhiteElo "2056"]
[BlackElo "2075"]
[WhiteFideId "786179"]
[BlackFideId "5001013"]
[EventDate "2025.06.17"]

1. e4 c6 2. d4 d5 3. f3 e6 4. Nc3 Bb4 5. a3 Ba5 6. Bf4 Nf6 7. b4 Bc7 8. Bxc7
Qxc7 9. e5 Nfd7 10. Bd3 a5 11. Nh3 axb4 12. axb4 Rxa1 13. Qxa1 Qb6 14. Na2 O-O
15. c3 Na6 16. Qc1 Qa7 17. Bb1 Nc7 18. Qg5 f6 19. Qh5 f5 20. Ng5 h6 21. Nh3 Nb5
22. O-O Nxe5 23. Nf4 Nd6 24. Kh1 Nef7 25. Re1 e5 26. dxe5 Qf2 27. Rg1 Nxe5 28.
Nh3 1-0

[Event "Titled Tue 17th Jun Early"]
[Site "chess.com INT"]
[Date "2025.06.17"]
[Round "3"]
[White "Mostbauer, Maximilian"]
[Black "Lazavik, Denis"]
[Result "1-0"]
[WhiteTitle "CM"]
[BlackTitle "GM"]
[WhiteElo "2202"]
[BlackElo "2580"]
[WhiteFideId "1626680"]
[BlackFideId "13515110"]
[EventDate "2025.06.17"]

1. d4 Nf6 2. Nf3 g6 3. g3 Bg7 4. Bg2 O-O 5. O-O d6 6. b3 c5 7. Bb2 cxd4 8. Nxd4
d5 9. Nf3 Nc6 10. Nbd2 Re8 11. Ne5 Qc7 12. Nxc6 bxc6 13. c4 e5 14. cxd5 cxd5 15.
Rc1 Qe7 16. Nc4 e4 17. Ne3 Be6 18. Bxf6 Qxf6 19. Nxd5 Bxd5 20. Qxd5 Rad8 21. Qc4
h5 22. h4 g5 23. hxg5 Qxg5 24. Qc5 Re5 25. Qe3 Qg6 26. Qf4 Rde8 27. Rc7 Bh6 28.
Qh4 Bg5 29. Qh3 R5e7 30. Rxe7 Rxe7 31. e3 Kg7 32. Rd1 f5 33. Bf1 h4 34. g4 Bf6
35. Be2 Rc7 36. Kf1 fxg4 37. Qxg4 Qxg4 38. Bxg4 Kg6 39. Rd5 Re7 40. Bf5+ Kh6 41.
Kg2 Bc3 42. Rc5 Be1 43. Kf1 Bd2 44. Rc4 Kg5 45. Rxe4 Rf7 46. Bh3 Rc7 47. Rc4 Rf7
48. Ke2 a5 49. f4+ 1-0

[Event "Titled Tue 17th Jun Early"]
[Site "chess.com INT"]
[Date "2025.06.17"]
[Round "3"]
[White "Bodemar, Jonathan"]
[Black "Mindlin, Alon"]
[Result "0-1"]
[WhiteTitle "CM"]
[BlackTitle "IM"]
[WhiteElo "2150"]
[BlackElo "2451"]
[WhiteFideId "6205488"]
[BlackFideId "2800071"]
[EventDate "2025.06.17"]

1. e4 g6 2. d4 Bg7 3. Nc3 d6 4. f4 Nf6 5. Nf3 c6 6. Bd3 Bg4 7. O-O O-O 8. h3
Bxf3 9. Qxf3 e5 10. Be3 Ng4 11. hxg4 exd4 12. Bd2 dxc3 13. bxc3 Nd7 14. Rab1 b5
15. g5 f6 16. Qh3 fxg5 17. fxg5 Ne5 18. Be2 Qe7 19. Bf4 Rf7 20. Bxe5 Rxf1+ 21.
Rxf1 Bxe5 22. c4 a6 23. a4 Qxg5 24. axb5 axb5 25. cxb5 cxb5 26. Qe6+ Kh8 27. Qd5
Qe3+ 28. Kh1 Qh6+ 29. Kg1 Qh2+ 30. Kf2 Qh4+ 31. Ke3 Qg5+ 32. Kf2 Rf8+ 33. Kg1
Qe3+ 34. Kh1 Rxf1+ 35. Bxf1 Bd4 0-1

[Event "Titled Tue 17th Jun Early"]
[Site "chess.com INT"]
[Date "2025.06.17"]
[Round "3"]
[White "Pranesh, M"]
[Black "Lyakh, Vasiliy"]
[Result "1-0"]
[WhiteTitle "GM"]
[WhiteElo "2580"]
[BlackElo "2123"]
[WhiteFideId "35028600"]
[BlackFideId "14189828"]
[EventDate "2025.06.17"]

1. Nf3 d5 2. g3 Bf5 3. Bg2 e6 4. O-O Nf6 5. b3 h6 6. Bb2 Be7 7. d3 O-O 8. c4 c6
9. Nbd2 Bh7 10. Qc2 a5 11. e4 Na6 12. a3 dxe4 13. dxe4 Nc5 14. Ne5 Qb6 15. Bd4
Rfd8 16. Be3 Qc7 17. f4 Nfd7 18. Nxd7 Rxd7 19. f5 exf5 20. exf5 Rad8 21. Ne4
Nxe4 22. Bxe4 Bf6 23. Rae1 Re7 24. Bf2 Rde8 25. Bc5 Rd7 26. Qf2 Qc8 27. Re2 b5
28. Rfe1 bxc4 29. bxc4 Red8 30. g4 Rd4 31. Bb6 Rxc4 32. Bxd8 Bd4 33. Bd3 Bxf2+
34. Kxf2 Rf4+ 35. Kg3 Rxg4+ 36. Kxg4 Bg6 37. Re8+ Kh7 38. R1e7 Qb8 39. fxg6+
fxg6 40. Re6 h5+ 41. Kg5 Qxh2 42. Bxg6# 1-0

[Event "Titled Tue 17th Jun Early"]
[Site "chess.com INT"]
[Date "2025.06.17"]
[Round "3"]
[White "Kornev, Alexei"]
[Black "Gurel, Ediz"]
[Result "0-1"]
[WhiteTitle "GM"]
[BlackTitle "GM"]
[WhiteElo "2500"]
[BlackElo "2636"]
[WhiteFideId "4120949"]
[BlackFideId "44507356"]
[EventDate "2025.06.17"]

1. d4 Nf6 2. c4 b6 3. Nc3 Bb7 4. Qc2 Nc6 5. Nf3 Nb4 6. Qd1 e6 7. a3 Na6 8. Bg5
Be7 9. e3 h6 10. Bh4 O-O 11. Be2 c5 12. O-O cxd4 13. exd4 Rc8 14. Rc1 Nc7 15.
Qa4 a6 16. Rfd1 d5 17. Ne5 dxc4 18. Qxc4 Ncd5 19. Qb3 b5 20. Bg3 Qb6 21. Bf3
Nxc3 22. bxc3 Bxf3 23. Nxf3 Qa5 24. c4 bxc4 25. Rxc4 Rxc4 26. Qxc4 Qxa3 27. Ne5
Nd5 28. h3 a5 29. Rb1 Bb4 30. Kh2 Qc3 31. Qb5 Qxd4 32. Nc6 Qd2 33. Rb3 Qc2 34.
Rf3 Qe4 35. Qb7 Qc4 36. Ne5 Qc7 37. Qxc7 Nxc7 38. Nc6 Nd5 39. Rd3 Rc8 40. Ne5 a4 0-1

[Event "Titled Tue 17th Jun Early"]
[Site "chess.com INT"]
[Date "2025.06.17"]
[Round "3"]
[White "Matinian, Nikita"]
[Black "Veleshnja, Zino"]
[Result "1-0"]
[WhiteTitle "GM"]
[BlackTitle "FM"]
[WhiteElo "2421"]
[BlackElo "2245"]
[WhiteFideId "24129100"]
[BlackFideId "4701313"]
[EventDate "2025.06.17"]

1. e4 c5 2. Nc3 Nc6 3. Bb5 Nd4 4. Nf3 Nxb5 5. Nxb5 a6 6. Nc3 d6 7. d4 cxd4 8.
Qxd4 Nf6 9. Bg5 e5 10. Qd3 Be6 11. a4 h6 12. Bxf6 Qxf6 13. Nd5 Bxd5 14. Qxd5 Be7
15. Qxb7 O-O 16. Qd5 Rab8 17. b3 Rfc8 18. Qd3 Qg6 19. O-O h5 20. Rfe1 a5 21. Nd2
h4 22. Nc4 Rc5 23. Rad1 Rd8 24. Re3 Qf6 25. Qe2 Qe6 26. Red3 g6 27. h3 Bf8 28.
Qg4 Be7 29. Qxe6 fxe6 30. Rf1 Kg7 31. Rfd1 Kf6 32. Kf1 d5 33. Ne3 d4 34. Nc4
Rdc8 35. Ke2 Kg7 36. Rf3 Rxc4 37. bxc4 Rxc4 38. Rb1 Rxc2+ 39. Kd1 Rc7 40. Rb5
Bb4 41. Rxe5 Rc6 42. Rb5 Rc4 43. Rb7+ Kh6 44. Rff7 Bc3 45. f4 g5 46. Rf6+ 1-0

[Event "Titled Tue 17th Jun Early"]
[Site "chess.com INT"]
[Date "2025.06.17"]
[Round "3"]
[White "Sharapov, Yevhen"]
[Black "Nguyen, Ngoc Truong Son"]
[Result "1-0"]
[WhiteTitle "GM"]
[BlackTitle "GM"]
[WhiteElo "2375"]
[BlackElo "2600"]
[WhiteFideId "14103133"]
[BlackFideId "12401110"]
[EventDate "2025.06.17"]

1. e4 e5 2. Nf3 Nc6 3. Nc3 Nf6 4. Bb5 Bb4 5. O-O Bxc3 6. bxc3 O-O 7. Re1 d6 8.
h3 Ne7 9. d4 Ng6 10. dxe5 dxe5 11. Ba3 a6 12. Bxf8 Qxd1 13. Raxd1 axb5 14. Bb4
Be6 15. a3 b6 16. c4 Bxc4 17. Bc3 Re8 18. g3 h6 19. Bb2 Re7 20. Rd8+ Kh7 21. Nd2
Be6 22. h4 Rd7 23. Rxd7 Nxd7 24. h5 Ne7 25. f4 exf4 26. gxf4 Bg4 27. Re3 Bxh5
28. Rd3 Nc5 29. Rd8 Bd1 30. Nb3 Bxc2 31. Nxc5 bxc5 32. Rd7 Nc6 33. Rxf7 Kg6 34.
Rxg7+ Kh5 35. f5 Bxe4 36. f6 1-0

[Event "Titled Tue 17th Jun Early"]
[Site "chess.com INT"]
[Date "2025.06.17"]
[Round "3"]
[White "Terlouw, Wouter"]
[Black "Deng, Henry"]
[Result "0-1"]
[WhiteTitle "CM"]
[BlackTitle "FM"]
[WhiteElo "2196"]
[BlackElo "2327"]
[WhiteFideId "1087401"]
[BlackFideId "30965454"]
[EventDate "2025.06.17"]

1. Nf3 Nf6 2. d3 d5 3. e4 dxe4 4. Ng5 Bg4 5. Be2 Bxe2 6. Qxe2 exd3 7. cxd3 e6 8.
Nc3 Be7 9. h4 Nc6 10. Be3 Qd7 11. O-O-O h6 12. Nge4 O-O-O 13. Qc2 Kb8 14. Qa4
Nd4 15. Qa5 Ng4 16. Kb1 Nxe3 17. fxe3 Nc6 18. Qa4 f5 19. Nf2 Ne5 20. Qb3 Rhf8
21. d4 Nc6 22. Nd3 Bd6 23. h5 Qe7 24. Na4 Ka8 25. Nac5 Rb8 26. Nxe6 Rfe8 27.
Ndf4 Bxf4 28. Nxf4 Rbd8 29. Rhe1 Rd6 30. g3 Rd7 31. Qc3 Kb8 32. Ng6 Qe4+ 33. Ka1
Qf3 34. d5 Rxd5 35. Rxd5 Qxd5 36. Qxg7 Rxe3 37. Qh8+ Nd8 38. Rb1 a5 39. Qxh6 Re8
40. Qf4 Ne6 41. Qf2 Nd4 42. h6 Re2 43. h7 Nc2# 0-1

[Event "Titled Tue 17th Jun Early"]
[Site "chess.com INT"]
[Date "2025.06.17"]
[Round "3"]
[White "Goncharov, Vladimir"]
[Black "Mateus, Martha"]
[Result "0-1"]
[BlackTitle "WIM"]
[WhiteElo "2077"]
[BlackElo "1972"]
[WhiteFideId "34162256"]
[BlackFideId "4401549"]
[EventDate "2025.06.17"]

1. d4 Nf6 2. Nf3 e6 3. g3 b5 4. Bg2 Bb7 5. O-O c5 6. a4 b4 7. dxc5 Bxc5 8. Nbd2
a5 9. Nb3 Be7 10. Bf4 d6 11. Bd2 O-O 12. c3 Na6 13. cxb4 Nxb4 14. Bc3 Nfd5 15.
Rc1 Na2 16. Rc2 Naxc3 17. bxc3 Rc8 18. Qd2 Qb6 19. Nbd4 Nf6 20. Rfc1 Ne4 21. Qe1
Bf6 22. Nb5 Ba6 23. c4 Nc5 24. Ra2 d5 25. cxd5 exd5 26. Nfd4 Nxa4 27. Rxa4 Bxb5
28. Nxb5 Qxb5 29. Rxc8 Rxc8 30. Rxa5 Qb2 31. h3 Bc3 0-1

[Event "Titled Tue 17th Jun Early"]
[Site "chess.com INT"]
[Date "2025.06.17"]
[Round "3"]
[White "Pragnya H G"]
[Black "Ndirangu, Nyaruai, Joyce"]
[Result "0-1"]
[WhiteTitle "WFM"]
[BlackTitle "WCM"]
[WhiteElo "2003"]
[BlackElo "1909"]
[WhiteFideId "25609785"]
[BlackFideId "10802886"]
[EventDate "2025.06.17"]

1. Nf3 Nf6 2. g3 g6 3. Bg2 Bg7 4. O-O d5 5. c3 c5 6. d4 c4 7. Ne5 Nc6 8. Nd2
Nxe5 9. dxe5 Ng4 10. e4 dxe4 11. Nxc4 Qxd1 12. Rxd1 Nxe5 13. Nxe5 Bxe5 14. Bxe4
O-O 15. Bh6 Re8 16. Rd2 Bg7 17. Be3 a5 18. Rad1 Ra6 19. Rd8 Kf8 20. Rxc8 Rxc8
21. Bxb7 Raa8 22. Bxc8 Rxc8 23. Rd5 Ra8 24. a4 Ke8 25. Rb5 Kd7 26. Bb6 Kc6 27.
Bxa5 Bf6 28. b4 e6 29. Rc5+ Kd6 30. Bc7+ Kd7 31. a5 Be7 32. Rc4 Rc8 33. b5 Rxc7
34. Rd4+ Kc8 35. c4 Bc5 36. Rd1 Rd7 37. Ra1 Kb7 38. Kf1 Rd2 39. a6+ 0-1

[Event "Titled Tue 17th Jun Early"]
[Site "chess.com INT"]
[Date "2025.06.17"]
[Round "3"]
[White "Caruana, Fabiano"]
[Black "Gogolev, Artem"]
[Result "1-0"]
[WhiteTitle "GM"]
[BlackTitle "IM"]
[WhiteElo "2777"]
[BlackElo "2240"]
[WhiteFideId "2020009"]
[BlackFideId "4116615"]
[EventDate "2025.06.17"]

1. e4 c6 2. d4 d5 3. Nd2 dxe4 4. Nxe4 Nf6 5. Nxf6+ exf6 6. Be3 Bd6 7. Bd3 O-O 8.
Ne2 Re8 9. O-O a5 10. c4 Na6 11. Ng3 Nc7 12. Qf3 g6 13. Ne4 Be7 14. Rad1 h5 15.
h3 f5 16. Nc3 Rb8 17. d5 cxd5 18. Bb6 Qd6 19. c5 Qc6 20. Qg3 Bd8 21. a4 Be6 22.
Nb5 h4 23. Qf4 Re7 24. Nd4 Qe8 25. Rfe1 Rc8 26. Bxa5 Bd7 27. Rxe7 Qxe7 28. Qd6
Qxd6 29. cxd6 Ne6 30. Bxd8 Rxd8 31. Bc2 Nxd4 32. Rxd4 Bc6 33. b4 Rxd6 34. b5 Bd7
35. Bb3 Be6 36. a5 Kf8 37. f4 Bd7 38. Rxd5 Ke7 39. Rxd6 Kxd6 40. a6 Bxb5 41. a7 1-0

[Event "Titled Tue 17th Jun Early"]
[Site "chess.com INT"]
[Date "2025.06.17"]
[Round "3"]
[White "Shermuhammadov, Samandar"]
[Black "Materia, Marco"]
[Result "0-1"]
[WhiteTitle "FM"]
[BlackTitle "IM"]
[WhiteElo "2110"]
[BlackElo "2489"]
[WhiteFideId "14205602"]
[BlackFideId "45150451"]
[EventDate "2025.06.17"]

1. e4 c6 2. Nf3 d5 3. d3 g6 4. Be2 Nd7 5. O-O Bg7 6. exd5 cxd5 7. d4 Ngf6 8. c3
O-O 9. Re1 Ne8 10. Bd3 Nd6 11. Bf4 Nf6 12. Ne5 Bf5 13. Nd2 Bxd3 14. Nxd3 e6 15.
Bxd6 Qxd6 16. Qb3 Rab8 17. Qb4 Qxb4 18. Nxb4 Rfc8 19. a4 Ne8 20. a5 Nd6 21. a6
b5 22. Nb3 Nc4 23. Re2 Bf8 24. Nd3 b4 25. Nbc5 bxc3 26. bxc3 Bd6 27. Ree1 Rb6
28. Reb1 Rcc6 29. Nb4 Rc8 30. Nbd3 Kg7 31. Rxb6 Nxb6 32. Rb1 Rc6 33. Nb4 Rc7 34.
Nbd3 Kf6 35. g3 Ke7 36. Kg2 Bxc5 37. dxc5 Nd7 38. Rb7 Rxb7 39. axb7 Nb8 40. Ne5
f6 41. Nd3 Kd7 42. Nf4 a5 43. Kf3 g5 44. Nd3 Kc6 45. Ke3 Kxb7 46. f4 Nc6 47.
fxg5 fxg5 48. Nb2 Ka6 49. c4 dxc4 50. Nxc4 Kb5 51. Nb2 Kxc5 52. Ke4 Kb5 53. h4
gxh4 54. gxh4 a4 55. Nd3 a3 56. Nc1 Kc4 57. h5 h6 58. Kf4 Kc3 59. Ke4 Kc2 60.
Na2 Kb2 0-1

[Event "Titled Tue 17th Jun Early"]
[Site "chess.com INT"]
[Date "2025.06.17"]
[Round "3"]
[White "Elsness, Frode"]
[Black "Tuguldur, Soninbayar"]
[Result "0-1"]
[WhiteTitle "IM"]
[BlackTitle "CM"]
[WhiteElo "2416"]
[BlackElo "2120"]
[WhiteFideId "1501100"]
[BlackFideId "4921224"]
[EventDate "2025.06.17"]

1. e4 e6 2. d4 d5 3. e5 c5 4. c3 Bd7 5. Nf3 a6 6. Be2 cxd4 7. cxd4 Bb5 8. O-O
Bxe2 9. Qxe2 Nc6 10. Nc3 Nge7 11. Rd1 Nf5 12. Kh1 Be7 13. g4 Nh4 14. Nxh4 Bxh4
15. f4 h6 16. Be3 O-O 17. Rg1 Be7 18. h4 Rc8 19. g5 hxg5 20. hxg5 g6 21. Kg2 Kg7
22. Rh1 Qb6 23. f5 gxf5 24. g6 Rh8 25. gxf7 Kxf7 26. Qf2 Rcg8+ 27. Kf3 Ke8 28.
Ke2 Qxb2+ 29. Bd2 Qb6 30. Be3 a5 31. Rab1 Qa6+ 32. Kd2 Nb4 33. Qe2 Qxe2+ 34.
Nxe2 Rxh1 35. Rxh1 Nxa2 36. Ra1 Nb4 37. Rxa5 Kd7 38. Ra7 Kc7 39. Nc3 Nc6 40. Ra4
Rg2+ 41. Kd3 Nb4+ 42. Rxb4 Bxb4 43. Nb5+ Kc6 44. Na7+ Kc7 45. Nb5+ Kb6 46. Nd6
Bxd6 47. exd6 Kc6 48. Bf4 Rg8 49. Be5 Rd8 0-1

[Event "Titled Tue 17th Jun Early"]
[Site "chess.com INT"]
[Date "2025.06.17"]
[Round "3"]
[White "Garrido, Denis"]
[Black "Harsh, Suresh"]
[Result "1-0"]
[WhiteTitle "FM"]
[BlackTitle "IM"]
[WhiteElo "2230"]
[BlackElo "2392"]
[WhiteFideId "601217"]
[BlackFideId "45018464"]
[EventDate "2025.06.17"]

1. e4 b6 2. d4 Bb7 3. Bd3 g6 4. c4 Bg7 5. Nf3 d6 6. Nc3 Nd7 7. O-O e6 8. Qe2 Ne7
9. d5 e5 10. Bd2 O-O 11. b4 h6 12. a4 f5 13. a5 f4 14. Na4 g5 15. Ne1 Nf6 16. c5
g4 17. axb6 axb6 18. cxb6 cxb6 19. Kh1 Kh8 20. Nc2 h5 21. Nc3 Ng6 22. Rxa8 Bxa8
23. Bb5 Nh4 24. f3 Ng6 25. Bc6 g3 26. h3 Nh7 27. Ra1 Bxc6 28. dxc6 Qh4 29. c7
Rc8 30. Ra7 Nf6 31. Qa6 Ne7 32. Ra8 Rxa8 33. Qxa8+ Kh7 34. c8=Q Nxc8 35. Qxc8
Qg5 36. Qe6 Qg6 37. Qxd6 Qe8 38. Nd5 Nxd5 39. Qxd5 Qa4 40. Qd3 1-0

[Event "Titled Tue 17th Jun Early"]
[Site "chess.com INT"]
[Date "2025.06.17"]
[Round "3"]
[White "Mrudul, Dehankar"]
[Black "Khazhatuly, Alikhan"]
[Result "1-0"]
[WhiteTitle "WIM"]
[BlackTitle "CM"]
[WhiteElo "2078"]
[BlackElo "2173"]
[WhiteFideId "25096990"]
[BlackFideId "13731335"]
[EventDate "2025.06.17"]

1. e4 c5 2. Nf3 e6 3. d4 cxd4 4. Nxd4 a6 5. Bd3 Qc7 6. Qe2 Nc6 7. Nxc6 dxc6 8.
O-O e5 9. f4 Bc5+ 10. Kh1 b5 11. Nd2 Nf6 12. Nf3 exf4 13. c4 Bg4 14. e5 Nh5 15.
Qe4 Rd8 16. Bxf4 Bxf3 17. Rxf3 Rd4 18. Qf5 g6 19. Qg5 h6 20. Qg4 Nxf4 21. Rxf4
Qxe5 22. Rxd4 Bxd4 23. Qc8+ Ke7 24. Qxc6 bxc4 25. Bxc4 Rd8 26. Rf1 f5 27. Qxg6
Bxb2 28. Qh7+ Ke8 29. Qf7# 1-0

[Event "Titled Tue 17th Jun Early"]
[Site "chess.com INT"]
[Date "2025.06.17"]
[Round "3"]
[White "Bluebaum, Matthias"]
[Black "Cornelisse, Lorelei"]
[Result "1-0"]
[WhiteTitle "GM"]
[BlackTitle "WFM"]
[WhiteElo "2663"]
[BlackElo "2138"]
[WhiteFideId "24651516"]
[BlackFideId "1087177"]
[EventDate "2025.06.17"]

1. d4 f5 2. c4 Nf6 3. Nf3 g6 4. Nc3 Bg7 5. b4 O-O 6. Bb2 d6 7. e3 Qe8 8. Be2 c6
9. c5 h6 10. O-O d5 11. Ne5 Nbd7 12. f4 Nxe5 13. fxe5 Ne4 14. Nxe4 fxe4 15. Qa4
Bf5 16. b5 Qd7 17. bxc6 bxc6 18. Rab1 h5 19. Bc3 Bh6 20. Bd2 Bg4 21. Bxg4 Qxg4
22. Qxc6 Qe2 23. Qxg6+ Bg7 24. Rfd1 Rf2 25. c6 Raf8 26. c7 Qc4 27. Rdc1 Qxa2 28.
c8=Q Rf1+ 29. Rxf1 Rxc8 30. Qf7+ Kh8 31. Qxh5+ Kg8 32. Rbd1 Rc2 33. Qf7+ Kh7 34.
Rf5 Qa6 35. Rh5+ Qh6 36. Rxh6+ Kxh6 37. Qe6+ 1-0

[Event "Titled Tue 17th Jun Early"]
[Site "chess.com INT"]
[Date "2025.06.17"]
[Round "3"]
[White "Zhukovskyi, Oleksandr"]
[Black "Brancaleoni, Maurizio"]
[Result "0-1"]
[WhiteTitle "CM"]
[BlackTitle "FM"]
[WhiteElo "2145"]
[BlackElo "2185"]
[WhiteFideId "14169371"]
[BlackFideId "803022"]
[EventDate "2025.06.17"]

1. b3 d5 2. Bb2 Bg4 3. Nf3 Bxf3 4. exf3 Nf6 5. Nc3 g6 6. g3 Bg7 7. Bg2 O-O 8.
O-O c5 9. d4 cxd4 10. Qxd4 Nc6 11. Qd2 e6 12. Nb5 Rc8 13. Ba3 a6 14. Bxf8 Qxf8
15. Nc3 Qb4 16. a3 Qa5 17. b4 Qc7 18. Ne2 Ne5 19. c3 Nc4 20. Qd3 Ne8 21. Rac1
Ned6 22. a4 Qc6 23. Qc2 Qb6 24. Rfd1 h5 25. h4 Nf5 26. Qb3 Bh6 27. f4 Bf8 28.
Bh3 Bc5 29. Rf1 Be3 30. fxe3 Qxe3+ 31. Kh1 Qxe2 32. Rc2 Nxg3+ 33. Kg1 Qe3+ 34.
Rcf2 Nxf1 35. Kxf1 Nd2+ 36. Kg2 Nxb3 0-1

[Event "Titled Tue 17th Jun Early"]
[Site "chess.com INT"]
[Date "2025.06.17"]
[Round "3"]
[White "Hercegovac, Neven"]
[Black "Lee, Qing Aun"]
[Result "1/2-1/2"]
[WhiteTitle "FM"]
[BlackTitle "FM"]
[WhiteElo "2215"]
[BlackElo "2280"]
[WhiteFideId "2839135"]
[BlackFideId "5804167"]
[EventDate "2025.06.17"]

1. Nf3 d5 2. d4 Nf6 3. c3 e6 4. Bf4 c5 5. e3 Nc6 6. Nbd2 Bd6 7. Bg3 Bxg3 8. hxg3
Qd6 9. Bd3 O-O 10. g4 g6 11. g5 Ng4 12. Nh4 e5 13. Be2 f5 14. gxf6 Nxf6 15. dxe5
Nxe5 16. Nhf3 Bf5 17. Nxe5 Qxe5 18. Nf3 Qe7 19. Qb3 Rad8 20. O-O Kh8 21. Rad1
Rd6 22. Rd2 Ne4 23. Rxd5 Be6 24. Re5 Qf6 25. Qxb7 Nd2 26. Rxc5 Nxf1 27. Bxf1 Rd7
28. Rc7 Bd5 29. Qxa7 Rxc7 30. Qxc7 Bxf3 31. gxf3 Qxf3 32. Qe5+ Rf6 33. Qb8+ Kg7
34. Qc7+ Rf7 35. Qe5+ Rf6 36. Qc7+ Kf8 37. Qd8+ Kf7 38. Bc4+ Kg7 39. Qc7+ Kh6
40. Qh2+ Kg7 41. Qc7+ Kf8 42. Qd8+ Kg7 43. Qc7+ 1/2-1/2

[Event "Titled Tue 17th Jun Early"]
[Site "chess.com INT"]
[Date "2025.06.17"]
[Round "3"]
[White "Kukelko, Alexey"]
[Black "Logozar, Elijah"]
[Result "0-1"]
[WhiteTitle "FM"]
[WhiteElo "2291"]
[BlackElo "1928"]
[WhiteFideId "14153084"]
[BlackFideId "30963788"]
[EventDate "2025.06.17"]

1. d4 Nf6 2. c4 e5 3. dxe5 Ne4 4. Nf3 Nc6 5. e3 Bb4+ 6. Nbd2 O-O 7. a3 Bxd2+ 8.
Bxd2 Re8 9. Bd3 Nxd2 10. Qxd2 Qe7 11. Qc2 h6 12. O-O-O Nxe5 13. Nxe5 Qxe5 14. h4
d6 15. h5 Bg4 16. Rde1 a5 17. f3 Bd7 18. g4 a4 19. Rhg1 Qc5 20. Qc3 b5 21. cxb5
Qxc3+ 22. bxc3 Re5 23. c4 Rc5 24. Kd2 d5 25. Rc1 Rb8 26. cxd5 Rxd5 27. e4 Rd6
28. Ke3 Bxb5 29. Bxb5 Rxb5 30. Rc3 c5 31. Rgc1 Rb3 32. Rc2 c4 33. Kf4 Rxc3 34.
Rxc3 Rc6 35. Ke5 f6+ 36. Kd5 Rc8 37. Rxc4 Rd8+ 38. Ke6 Rd3 39. Rxa4 Rxf3 40.
Ra8+ Kh7 41. a4 Rf4 42. e5 fxe5 43. Kxe5 Rxg4 44. a5 Rg5+ 45. Kf4 Rxh5 46. a6
Ra5 47. Kg4 g5 0-1

[Event "Titled Tue 17th Jun Early"]
[Site "chess.com INT"]
[Date "2025.06.17"]
[Round "3"]
[White "Sickmann, Lisa"]
[Black "Guerrero Cataldo, Juan Andres"]
[Result "0-1"]
[WhiteTitle "WFM"]
[BlackTitle "CM"]
[WhiteElo "1974"]
[BlackElo "2082"]
[WhiteFideId "16267818"]
[BlackFideId "3421260"]
[EventDate "2025.06.17"]

1. d4 Nf6 2. c4 d6 3. Nc3 Nbd7 4. e4 e5 5. Nf3 c6 6. Bg5 Be7 7. Qd2 Qa5 8. Be2
O-O 9. O-O Re8 10. a3 Qc7 11. d5 a5 12. b4 axb4 13. axb4 Rxa1 14. Rxa1 Nf8 15.
dxc6 bxc6 16. Qa2 h6 17. Bh4 Ng6 18. Bg3 Nh5 19. Qa7 Qxa7 20. Rxa7 Be6 21. Bf1
Rb8 22. b5 cxb5 23. cxb5 Bd8 24. Nd5 Bxd5 25. exd5 Bb6 26. Rd7 Bc5 27. Nd2 Nf8
28. Rc7 Nf6 29. Nc4 Nxd5 30. Rc6 Ne7 31. Rc7 Nf5 32. Rxc5 Nxg3 33. Rc6 Nxf1 34.
Kxf1 Rxb5 35. Nxd6 Rb2 36. Rc8 Rd2 37. Nc4 Rd5 38. Ne3 Ra5 39. Nf5 g6 40. Ne7+
Kg7 41. Nc6 Rc5 42. Ke2 Ne6 43. Ke3 Nf4 44. g3 Nd5+ 45. Ke4 Nb4 46. Ne7 f5+ 47.
Ke3 Nd5+ 48. Nxd5 Rxc8 49. Nb6 Rc3+ 0-1